[Event "2010 Under 1500 Championship"]
[Site "SchemingMind.com"]
[Date "2010.02.13"]
[Round "-"]
[White "Jerry Sven"]
[Black "Gammon"]
[Result "0-1"]
[WhiteCountry "USA"]
[BlackCountry "USA"]
[WhiteElo "1302"]
[WhiteRD "91"]
[BlackElo "1457"]
[BlackRD "52"]
[GameID "238812"]

1. Nf3 c5 2. d3 d5 3. g3 Nf6 4. Bg2 Nc6 5. O-O e5 6. Nbd2 Be7 7. Re1 O-O 8. c3 Qc7 9. e4 d4 10. cxd4 cxd4
11. b3 a5 12. Bb2 Nb4 13. Nc4 Ra6 14. Ncxe5 Qc2 15. Nxd4 Qxb2
0-1

[Event "2010 Under 1500 Championship"]
[Site "SchemingMind.com"]
[Date "2010.02.13"]
[Round "-"]
[White "Gammon"]
[Black "Jerry Sven"]
[Result "1-0"]
[WhiteCountry "USA"]
[BlackCountry "USA"]
[WhiteElo "1457"]
[WhiteRD "52"]
[BlackElo "1302"]
[BlackRD "91"]
[GameID "238817"]

1. d4 Nf6 2. c4 d6 3. Nc3 g6 4. e4 Bg7 5. Be2 O-O 6. Nf3 c6 7. O-O Na6 8. Be3 Nc7 9. h3 b5 10. cxb5 c5
11. Bc4 Rb8 12. dxc5 dxc5 13. Bxc5 e6 14. e5 Re8 15. Qd6 Qxd6 16. Bxd6 Nd7 17. Bxc7 Rb7 18. Ba5 Nxe5 19. Nxe5
1-0

[Event "2010 Under 1500 Championship"]
[Site "SchemingMind.com"]
[Date "2010.03.07"]
[Round "-"]
[White "lame wolf"]
[Black "Manfred Kraut"]
[Result "0-1"]
[WhiteCountry "INT"]
[BlackCountry "GER"]
[WhiteElo "1038"]
[WhiteRD "60"]
[BlackElo "1344"]
[BlackRD "66"]
[GameID "241266"]

1. Nf3 c5 2. e4 g6 3. d4 cxd4 4. Nxd4 Bg7 5. Nf3 Nc6 6. Bd2 d6 7. Bb5 Bd7 8. Bxc6 bxc6 9. O-O Nf6 10. Nc3 O-O
11. b4 c5 12. b5 Qb6 13. a4 a5 14. Qe2 Rac8 15. Be3 Qb7 16. Rfb1 Ng4 17. Nd1 Bxa1 18. Rxa1 Qxe4 19. c4 Qe6 20. Ra3 Rb8
21. h3 Nxe3 22. Nxe3 Qe4 23. Qd3 Qxd3 24. Rxd3 Bf5 25. Nxf5 gxf5 26. g4 fxg4 27. hxg4 e5 28. Rxd6 Rbe8 29. Rc6 e4 30. Ng5 e3
0-1

[Event "2010 Under 1500 Championship"]
[Site "SchemingMind.com"]
[Date "2010.03.07"]
[Round "-"]
[White "Manfred Kraut"]
[Black "lame wolf"]
[Result "1-0"]
[WhiteCountry "GER"]
[BlackCountry "INT"]
[WhiteElo "1365"]
[WhiteRD "72"]
[BlackElo "1116"]
[BlackRD "51"]
[GameID "241270"]

1. d4 b5 2. Bf4 Bb7 3. e3 b4 4. b3 a5 5. Nf3 Nf6 6. Bd3 d5 7. O-O e6 8. Nbd2 Bd6 9. Ne5 Qe7 10. Re1 c5
11. e4 Nbd7 12. Nxd7 Nxd7 13. e5 Bc7 14. Re3 Ba6 15. Rg3 Bxd3 16. Rxd3 Bb6 17. Qg4 O-O 18. Bh6
1-0

[Event "2010 Under 1500 Championship"]
[Site "SchemingMind.com"]
[Date "2010.03.18"]
[Round "-"]
[White "nammy"]
[Black "BigDaddy"]
[Result "0-1"]
[WhiteCountry "ENG"]
[BlackCountry "AUT"]
[WhiteElo "878"]
[WhiteRD "53"]
[BlackElo "1345"]
[BlackRD "55"]
[GameID "242417"]

1. e4 c5 2. Nc3 Nc6 3. Nf3 d6 4. h3 Nf6 5. d3 g6 6. Be3 Bg7 7. Nh2 O-O 8. g4 e5 9. Nf3 Qa5 10. h4 Bxg4
11. Nh2 Bxd1 12. Kxd1 Qb6 13. b3 Qb4 14. Ne2 Qa3 15. Bh3 Nb4 16. Nc3 Qb2 17. Rb1 Qxc2+ 18. Ke1 Nxd3+ 19. Kf1 Qxc3 20. f3 Qc2
21. Ra1 Nh5 22. Rg1 Qxh2 23. Rxg6 Ng3+ 24. Rxg3 Qxg3 25. Bd7 Qxf3+ 26. Bf2 Qxf2#
0-1

[Event "2010 Under 1500 Championship"]
[Site "SchemingMind.com"]
[Date "2010.03.18"]
[Round "-"]
[White "BigDaddy"]
[Black "nammy"]
[Result "1-0"]
[WhiteCountry "AUT"]
[BlackCountry "ENG"]
[WhiteElo "1369"]
[WhiteRD "55"]
[BlackElo "878"]
[BlackRD "52"]
[GameID "242421"]

1. e4 e6 2. d4 d6 3. Nf3 Nf6 4. Nc3 c6 5. Bg5 c5 6. Bb5+ Bd7 7. Bxd7+ Qxd7 8. Bxf6 gxf6 9. dxc5 Qc6 10. Qd4 f5
11. Ng5 Rg8 12. Nxh7 Bh6 13. g3 dxc5 14. Nf6+ Kf8 15. Nxg8 Kxg8 16. Qd8+ Kg7 17. Nd5 fxe4 18. Qf6+ Kg8 19. Ne7+ Kf8 20. Nxc6 Nxc6
21. Qxh6+ Ke7 22. O-O-O Nb4 23. Qh4+ Ke8 24. Qxe4 Nxa2+ 25. Kb1 Nb4 26. Qxb7 Rd8 27. Rxd8+ Kxd8 28. Rd1+ Ke8 29. Qc8+ Ke7 30. Rd7+ Kf6
31. Qxc5 Na6 32. Qxa7 Nb4 33. Rxf7+ Ke5 34. Qc5+ Nd5 35. Rf3 Ke4 36. Qa3 Ne7 37. Qe3+ Kd5 38. Rf4 Ng6 39. Qe4+ Kc5 40. Qxg6 e5
41. Qg5 Kd6 42. Rf6+ Kd5 43. Qf5 Kd4 44. Qd3+ Kc5 45. Rd6 Kb4 46. Rc6 Ka5 47. Ra6+ Kb4 48. Rb6+ Kc5 49. Qd6+ Kc4 50. Rc6+ Kb5
51. c4+ Ka5 52. Qa3#
1-0

[Event "2010 Under 1500 Championship"]
[Site "SchemingMind.com"]
[Date "2010.03.22"]
[Round "-"]
[White "Brerrabbit"]
[Black "jhobeck"]
[Result "1-0"]
[WhiteCountry "SCO"]
[BlackCountry "USA"]
[WhiteElo "1417"]
[WhiteRD "79"]
[BlackElo "1330"]
[BlackRD "105"]
[GameID "242510"]

1. e4 e6 2. Nf3 d5 3. e5 c5 4. Bb5+ Bd7 5. c4 Bxb5 6. cxb5 Nd7 7. d4 Qa5+ 8. Bd2 Qxb5 9. a4 Qxb2 10. Na3 cxd4
11. O-O Bxa3 12. Rb1 Qa2 13. Nxd4 Qc4 14. Be3 Bc5 15. Rc1 Qb4 16. f4 Ne7 17. f5 Nxf5 18. Nxf5 exf5 19. Bxc5 Nxc5 20. Qxd5 O-O
21. Rxf5 Qb2 22. Rcf1 Nxa4 23. Rxf7 h6 24. Rxf8+ Kh7 25. Qe4+ g6 26. R1f7#
1-0

[Event "2010 Under 1500 Championship"]
[Site "SchemingMind.com"]
[Date "2010.03.23"]
[Round "-"]
[White "jhobeck"]
[Black "Brerrabbit"]
[Result "1-0"]
[WhiteCountry "USA"]
[BlackCountry "SCO"]
[WhiteElo "1330"]
[WhiteRD "105"]
[BlackElo "1417"]
[BlackRD "79"]
[GameID "242514"]

1. e4 e5 2. Bc4 Nf6 3. d3 Bc5 4. Nf3 d5 5. Be3 Nbd7 6. exd5 Bxe3 7. fxe3 O-O 8. O-O Nc5 9. Nxe5 Bg4 10. Qe1 Qe7
11. d4 a6 12. Qg3 Nce4 13. Qh4 b5 14. Nc6 Qd6 15. Ne5 bxc4 16. Nc3 g5 17. Qh6 Rab8 18. Nxg4 Nxc3 19. Nxf6+ Qxf6 20. Qxf6 Ne2+
21. Kf2 Rb6 22. Qxg5+ Rg6 23. Qh5 Nxd4 24. Rad1 Nxc2 25. Qh4 Re8 26. Qxc4 Nxe3 27. Qxc7 Nxd1+ 28. Kg1 Rg7 29. d6
1-0

[Event "2010 Under 1500 Championship"]
[Site "SchemingMind.com"]
[Date "2010.03.27"]
[Round "-"]
[White "catfishcore"]
[Black "Aamaroun"]
[Result "1-0"]
[WhiteCountry "USA"]
[BlackCountry "CZE"]
[WhiteElo "1410"]
[WhiteRD "93"]
[BlackElo "1361"]
[BlackRD "75"]
[GameID "243289"]

1. d4 d5 2. Bf4 Nc6 3. h3 g6 4. Nf3 Bg7 5. e3 Nf6 6. Nbd2 b6 7. a3 O-O 8. Be2 e6 9. Bd3 Bb7 10. Qe2 a6
11. Bg5 b5 12. e4 Qd6 13. e5 Qd8 14. Nb3 Qe8 15. Nc5 Nd7 16. Nxb7 Qb8 17. Nc5 Nxc5 18. dxc5 Qa7 19. Qe3 Na5 20. b3 c6
21. h4 Nb7 22. b4 Rad8 23. h5 Qb8 24. Bxd8
1-0

[Event "2010 Under 1500 Championship"]
[Site "SchemingMind.com"]
[Date "2010.03.27"]
[Round "-"]
[White "Aamaroun"]
[Black "catfishcore"]
[Result "1-0"]
[WhiteCountry "CZE"]
[BlackCountry "USA"]
[WhiteElo "1361"]
[WhiteRD "75"]
[BlackElo "1410"]
[BlackRD "93"]
[GameID "243292"]

1. e4 e6 2. Nc3 d5 3. Nf3 g6 4. d4 Nc6 5. e5 Nge7 6. Bb5 Bg7 7. Ne2 a6 8. Bxc6+ bxc6 9. Be3 h6 10. Qd3 a5
11. g4 Ba6 12. Qd2 Bb7 13. h4 Qb8 14. h5 g5 15. Nfg1 Nc8 16. f4 gxf4 17. Bxf4 Ne7 18. Nf3 Ra6 19. Rb1 Qa7 20. Rg1 c5
21. g5 Nf5 22. gxh6 Bxh6 23. Ng3 cxd4 24. Nxf5 Bf8 25. N5xd4 Rxh5 26. Be3 Qb8 27. Rf1 c5 28. Ne2 Bg7 29. Ng5 Qxe5 30. Rxf7 Qh2
31. Rxb7 Bf6 32. Qd3 Qh1+ 33. Ng1 Qh4+ 34. Bf2 Qxg5 35. Qxa6 Qe5+ 36. Kf1 Kf8 37. Qa8+
1-0

[Event "2010 Under 1500 Championship"]
[Site "SchemingMind.com"]
[Date "2010.03.31"]
[Round "-"]
[White "Bricriu"]
[Black "Jimmingtons"]
[Result "1-0"]
[WhiteCountry "IRL"]
[BlackCountry "ENG"]
[WhiteElo "1706"]
[WhiteRD "93"]
[BlackElo "1254"]
[BlackRD "121"]
[GameID "243482"]

1. d4 Nc6 2. Nf3 d6 3. e4 e5 4. d5 Nd4 5. Nxd4 exd4 6. Qxd4 c5 7. Qc3 Nf6 8. Bd3 a6 9. Bg5 b5 10. Bxf6 gxf6
11. a4 Rb8 12. axb5 Rg8 13. g3 axb5 14. Qa5 c4 15. Qxd8+ Kxd8 16. Be2 f5 17. Nc3 b4 18. Nd1 c3 19. b3 fxe4 20. Ne3 Bb7
21. O-O h5 22. Bxh5 f5 23. Rfd1 f4 24. Ng2 fxg3 25. hxg3 e3 26. Nxe3 Kc7 27. Rd4 Bh6 28. Rc4+ Kd8 29. Rg4 Rg5 30. Rxg5 Bxg5
31. f4 Kd7 32. fxg5 Rh8 33. Bf7 Rh7 34. g6 Rh3 35. Kg2
1-0

[Event "2010 Under 1500 Championship"]
[Site "SchemingMind.com"]
[Date "2010.03.31"]
[Round "-"]
[White "Jimmingtons"]
[Black "Bricriu"]
[Result "0-1"]
[WhiteCountry "ENG"]
[BlackCountry "IRL"]
[WhiteElo "1254"]
[WhiteRD "121"]
[BlackElo "1706"]
[BlackRD "93"]
[GameID "243492"]

1. e4 c6 2. Nc3 d5 3. d4 dxe4 4. Nxe4 Bf5 5. Qf3 Bxe4 6. Qxe4 Nf6 7. Qe3 e6 8. Qb3 Qb6 9. Bf4 Qxb3 10. axb3 a6
11. Nf3 Nbd7 12. Bc4 Nb6 13. O-O Nxc4 14. Ne5 Nxe5 15. Bxe5 O-O-O 16. c3 Bd6 17. Bg3 Bxg3 18. fxg3 Ne4 19. g4 Nd2 20. Rxf7 Rd7
21. Rf2 Kd8 22. Rxd2 e5 23. Re1 exd4 24. Red1 Kc7 25. Rxd4 Rxd4 26. Rxd4 Rd8 27. b4 Rxd4 28. cxd4 Kb6 29. g5 Kb5 30. h4 Kxb4
31. Kf2 Kb3 32. Kf3 Kxb2 33. Kf4 a5 34. g4 a4
0-1

[Event "2010 Under 1500 Championship"]
[Site "SchemingMind.com"]
[Date "2010.04.03"]
[Round "-"]
[White "maro"]
[Black "BigDaddy"]
[Result "0-1"]
[WhiteCountry "MEX"]
[BlackCountry "AUT"]
[WhiteElo "1257"]
[WhiteRD "58"]
[BlackElo "1376"]
[BlackRD "58"]
[GameID "244146"]

1. e4 c5 2. d4 cxd4 3. Qxd4 Nc6 4. Qa4 d6 5. Bb5 Bd7 6. Bc4 a6 7. Bxf7+ Kxf7 8. Qb3+ Be6 9. Qxb7 Qc8 10. Qxc8 Rxc8
11. Ne2 Nb4 12. Nd4 Nf6 13. Bd2 a5 14. c3 Nd3+ 15. Ke2 Bc4 16. Kd1 Nxf2+ 17. Ke1 Nxh1
0-1

[Event "2010 Under 1500 Championship"]
[Site "SchemingMind.com"]
[Date "2010.04.03"]
[Round "-"]
[White "BigDaddy"]
[Black "maro"]
[Result "0-1"]
[WhiteCountry "AUT"]
[BlackCountry "MEX"]
[WhiteElo "1244"]
[WhiteRD "62"]
[BlackElo "1255"]
[BlackRD "56"]
[GameID "244154"]

1. e4 e5 2. f4 exf4 3. Nf3 Nc6 4. d4 d5 5. e5 Be6 6. Bxf4 h6 7. Bb5 Qd7 8. Nc3 a6 9. Bxc6 Qxc6 10. Qd2 Bb4
11. O-O Ne7 12. a3 Bxc3 13. Qxc3 Qxc3 14. bxc3 O-O 15. Rab1 b6 16. h3 Ng6 17. Bg3 Bf5 18. Nh4 Bxc2 19. Rbc1 Be4 20. Nxg6 fxg6
21. Rxf8+ Rxf8 22. Rf1 Rf5 23. Rxf5 gxf5 24. e6 Kf8 25. Bxc7 b5
0-1

[Event "2010 Under 1500 Championship"]
[Site "SchemingMind.com"]
[Date "2010.04.04"]
[Round "-"]
[White "Black Knight"]
[Black "ashtonkroz"]
[Result "0-1"]
[WhiteCountry "USA"]
[BlackCountry "ENG"]
[WhiteElo "1371"]
[WhiteRD "62"]
[BlackElo "1292"]
[BlackRD "128"]
[GameID "244301"]

1. e4 e5 2. Nf3 d5 3. exd5 Qxd5 4. Nc3 Qa5 5. Be2 Bd6 6. a3 c6 7. b4 Qc7 8. O-O Nf6 9. d3 h6 10. Bb2 Bf5
11. Re1 O-O 12. d4 e4 13. Ne5 Bxe5 14. dxe5 Qxe5 15. Rb1 Qe7 16. h3 e3 17. fxe3 Qxe3+ 18. Kh1 Qg5 19. Bc1 Qg6 20. Bd3 Bxd3
21. Qxd3 Qxd3 22. cxd3 Nbd7 23. Bb2 Nh5 24. Re7 Rfd8 25. Rbe1 Ng3+ 26. Kh2 Nf5 27. R7e4 Nb6 28. Re5 Nd6 29. Ne4 Nxe4 30. R1xe4 Nd5
31. b5 Nf6 32. Re3 Nd7 33. R5e4 cxb5 34. Rf4 Re8 35. Ref3 f6 36. Rg3 Re6 37. Re4 Rae8 38. Rd4 Nc5 39. Rd5 b6 40. Rf5 Kh7
41. d4 Ne4 42. Rg4 Nd6 43. Rf3 Re2 44. Bc1 Ne4 45. Re3 Rxe3 46. Bxe3 f5 47. Rh4 g5 48. Bxg5 Nxg5 49. d5 Re2 50. d6 Nf3+
0-1

[Event "2010 Under 1500 Championship"]
[Site "SchemingMind.com"]
[Date "2010.04.04"]
[Round "-"]
[White "ashtonkroz"]
[Black "Black Knight"]
[Result "0-1"]
[WhiteCountry "ENG"]
[BlackCountry "USA"]
[WhiteElo "1292"]
[WhiteRD "128"]
[BlackElo "1371"]
[BlackRD "62"]
[GameID "244306"]

1. e4 e5 2. Nf3 Nc6 3. d4 exd4 4. Nxd4 Nxd4 5. Qxd4 d6 6. Bc4 c5 7. Qe3 Nf6 8. h3 Be7 9. e5 dxe5 10. Qxe5 O-O
11. O-O Re8 12. Qg5 Ne4 13. Qf4 Nd6 14. Bd5 Bf6 15. c3 Be6 16. Rd1 Nf5 17. Bf3 Qb6 18. Na3 Rac8 19. Nc4 Bxc4 20. Qxf5 Qe6
21. Qxe6 Bxe6 22. Be3 b6 23. Rac1 Bxa2 24. Rd7 Re7 25. Rd2 Be6 26. Bf4 h6 27. Bd6 Rd7 28. Rcd1 Rcd8 29. Bf4 Rxd2 30. Rxd2 Rxd2
31. Bxd2 g5 32. g4 Kg7 33. Kg2 Be5 34. Be4 Kf6 35. f3 Ke7 36. b4 Kd6 37. bxc5+ Kxc5 38. Bd3 Bc4 39. Bc2 a5 40. Be3+ Kb5
41. Kf2 Bf4 42. Bxf4 gxf4 43. h4 a4 44. h5 a3 45. Bb1 a2 46. Bxa2 Bxa2 47. g5 Bb1
0-1

[Event "2010 Under 1500 Championship"]
[Site "SchemingMind.com"]
[Date "2010.04.23"]
[Round "-"]
[White "catfishcore"]
[Black "aliwood"]
[Result "1-0"]
[WhiteCountry "USA"]
[BlackCountry "ENG"]
[WhiteElo "1429"]
[WhiteRD "99"]
[BlackElo "1121"]
[BlackRD "62"]
[GameID "246035"]

1. d4 d5 2. e3 Nf6 3. h3 Bf5 4. Bd3 Bxd3 5. cxd3 e6 6. a3 Bd6 7. Nf3 O-O 8. O-O Nc6 9. Nbd2 Qe7 10. Re1 Rad8
11. e4
1-0

[Event "2010 Under 1500 Championship"]
[Site "SchemingMind.com"]
[Date "2010.04.23"]
[Round "-"]
[White "aliwood"]
[Black "catfishcore"]
[Result "0-1"]
[WhiteCountry "ENG"]
[BlackCountry "USA"]
[WhiteElo "1121"]
[WhiteRD "62"]
[BlackElo "1429"]
[BlackRD "99"]
[GameID "246039"]

1. e4 b6 2. d4 Bb7 3. Nc3 e6 4. Nf3 Bb4 5. Bd2 h6 6. Bd3 Be7 7. O-O a6 8. Re1 d5 9. Be3 Nf6 10. Qe2 dxe4
0-1

[Event "2010 Under 1500 Championship"]
[Site "SchemingMind.com"]
[Date "2010.05.06"]
[Round "-"]
[White "Gammon"]
[Black "Manfred Kraut"]
[Result "0-1"]
[WhiteCountry "USA"]
[BlackCountry "GER"]
[WhiteElo "1415"]
[WhiteRD "54"]
[BlackElo "1344"]
[BlackRD "66"]
[GameID "247737"]

1. d4 g6 2. c4 Bg7 3. e4 d6 4. Nc3 Nf6 5. Nf3 O-O 6. Be2 Nbd7 7. O-O c5 8. d5 Ne5 9. Nxe5 dxe5 10. a3 e6
11. Be3 exd5 12. cxd5 b6 13. Bc4 a5 14. a4 Ba6 15. b3 Bxc4 16. bxc4 Nd7 17. Qd2 f5 18. f4 Re8 19. Rf3 Nf6 20. h3 fxe4
21. Rg3 exf4 22. Bxf4 Nh5 23. Rg4 Nxf4 24. Rxf4 e3 25. Qd3 Qg5 26. Rf3 e2 27. Nxe2 Bxa1 28. d6 Bd4+ 29. Nxd4 cxd4 30. Qxd4 Qc1+
31. Kh2 Ra7 32. d7 Rd8 33. Qd5+ Kg7 34. Qf7+ Kh6 35. Qe7 Raxd7
0-1

[Event "2010 Under 1500 Championship"]
[Site "SchemingMind.com"]
[Date "2010.05.06"]
[Round "-"]
[White "jhobeck"]
[Black "ashtonkroz"]
[Result "0-1"]
[WhiteCountry "USA"]
[BlackCountry "ENG"]
[WhiteElo "1289"]
[WhiteRD "109"]
[BlackElo "1342"]
[BlackRD "120"]
[GameID "247738"]

1. e4 e5 2. Bc4 Nf6 3. d3 Be7 4. Qf3 O-O 5. Bg5 h6 6. Bxf6 Bxf6 7. Nh3 d6 8. Nc3 c6 9. O-O Qe7 10. Qh5 Be6
11. f4 Bxc4 12. dxc4 exf4 13. Nxf4 Bxc3 14. bxc3 Nd7 15. Rf2 Nf6 16. Qf5 Qxe4 17. Qxe4 Nxe4 18. Rf3 Nd2 19. Rf2 Nxc4 20. Nd3 c5
21. Raf1= f6 22. Nf4 Rf7 23. Ne6 Re7 24. Nf4 b5 25. Nd5 Rf7 26. Nf4 Ne3 27. Re1 Ng4 28. Rfe2 Rff8 29. Ng6 Rfd8 30. Ne7+= Kh7
31. Nc6 Rd7 32. h3 Ne5 33. Na5 a6 34. a3 c4 35. Kh2 g5 36. g4 Nf3+ 37. Kg3 Nxe1 38. Rxe1 d5 39. Re6 Rf7 40. Nc6 a5
41. Nd4 b4 42. axb4 a4 43. b5 a3 44. b6 a2 45. Re1 a1=Q 46. Rxa1 Rxa1 47. Nc6 Rb7 48. Nd8 Rxb6
0-1

[Event "2010 Under 1500 Championship"]
[Site "SchemingMind.com"]
[Date "2010.05.06"]
[Round "-"]
[White "Manfred Kraut"]
[Black "Gammon"]
[Result "0-1"]
[WhiteCountry "GER"]
[BlackCountry "USA"]
[WhiteElo "1344"]
[WhiteRD "66"]
[BlackElo "1415"]
[BlackRD "54"]
[GameID "247739"]

1. d4 Nf6 2. Nf3 g6 3. e3 Bg7 4. Bd3 Nc6 5. O-O d5 6. b3 Bg4 7. Nbd2 Qd6 8. Bb2 O-O 9. h3 Bxf3 10. Nxf3 e5
11. dxe5 Nxe5 12. Nxe5 c5 13. Bc4 Rad8 14. e4 dxc4 15. Nxc4 Qxd1 16. Raxd1 Nxe4 17. Bxg7 Kxg7 18. f3 Nc3 19. Rxd8 Rxd8 20. a4 Ne2+
21. Kf2 Nf4 22. Kg3 Ne6 23. Na5 b6 24. Nc6 Rd2 25. Rc1 Nd4 26. Nxd4 Rxd4 27. c3 Rd2 28. b4 c4 29. Re1 Rd3 30. Kf2 Rxc3
31. Re3 Rc2+ 32. Re2 Rc3 33. g3 Rb3 34. b5 c3 35. Rc2 Rb2
0-1

[Event "2010 Under 1500 Championship"]
[Site "SchemingMind.com"]
[Date "2010.05.06"]
[Round "-"]
[White "ashtonkroz"]
[Black "jhobeck"]
[Result "0-1"]
[WhiteCountry "ENG"]
[BlackCountry "USA"]
[WhiteElo "1254"]
[WhiteRD "125"]
[BlackElo "1330"]
[BlackRD "105"]
[GameID "247740"]

1. e4 d5 2. exd5 Qxd5 3. Nc3 Qa5 4. a3 e6 5. d3 Nf6 6. Ne2 Bc5 7. Bd2 Bxf2+ 8. Kxf2 Ng4+ 9. Ke1 Qb6 10. d4 e5
11. dxe5 Qf2#
0-1

[Event "2010 Under 1500 Championship"]
[Site "SchemingMind.com"]
[Date "2010.05.21"]
[Round "-"]
[White "Lomcovaks"]
[Black "Heidi"]
[Result "1-0"]
[WhiteCountry "ENG"]
[BlackCountry "USA"]
[WhiteElo "1482"]
[WhiteRD "93"]
[BlackElo "1114"]
[BlackRD "69"]
[GameID "249024"]

1. e4 d6 2. Nc3 e5 3. Nf3 g6 4. Bc4 Qd7 5. d4 c6 6. Ng5 b5 7. Bb3 Nf6 8. Nxf7 Rg8 9. Bg5 Qxf7 10. Bxf7+ Kxf7
11. Qf3 Bg7 12. dxe5 Bg4 13. Qf4 Re8 14. Bxf6 Bxf6 15. Qxg4 Rxe5 16. O-O-O Nd7 17. Qxd7+ Be7 18. f4 Rc5 19. Rxd6 Rd8 20. Qxa7 Rxd6
21. Nd5 g5 22. Qxe7+ Kg6 23. Qxd6+
1-0

[Event "2010 Under 1500 Championship"]
[Site "SchemingMind.com"]
[Date "2010.05.21"]
[Round "-"]
[White "Heidi"]
[Black "Lomcovaks"]
[Result "0-1"]
[WhiteCountry "USA"]
[BlackCountry "ENG"]
[WhiteElo "1036"]
[WhiteRD "65"]
[BlackElo "1435"]
[BlackRD "89"]
[GameID "249067"]

1. e4 e5 2. d3 Nf6 3. g3 Bc5 4. Nf3 Nc6 5. Bg2 Ng4 6. Qe2 Bxf2+ 7. Kd2 Nd4 8. Qf1 Be3+ 9. Kd1 Nf2+ 10. Ke1 Nxh1
11. Bxe3 Nxc2+ 12. Kd2 Nxa1 13. Bxh1 Qe7 14. d4 Qb4+ 15. Nc3 Qxb2+ 16. Kd3 d6 17. Bc1 Qc2+ 18. Kc4 exd4 19. Nxd4 Be6+ 20. Nxe6 fxe6
21. Qe1 O-O-O 22. Kb4 d5 23. exd5 exd5 24. Nxd5 c6 25. Ne7+ Kd7 26. Bg5 Qxa2 27. Nf5 Nc2+ 28. Kc3 Nxe1 29. Be4 Rde8 30. Ne7 Qa5+
31. Kd4 Qxg5 32. Nf5 Qd2+
0-1

[Event "2010 Under 1500 Championship"]
[Site "SchemingMind.com"]
[Date "2010.07.07"]
[Round "-"]
[White "Lomcovaks"]
[Black "maro"]
[Result "0-1"]
[WhiteCountry "ENG"]
[BlackCountry "MEX"]
[WhiteElo "1328"]
[WhiteRD "80"]
[BlackElo "1289"]
[BlackRD "56"]
[GameID "253689"]

1. e4 e5 2. Nf3 Bc5 3. d4 exd4 4. Nxd4 Qf6 5. Nf3 Bxf2+ 6. Kxf2 Nh6 7. Bc4 Ng4+ 8. Ke2 O-O 9. h3 Ne5 10. Ng5 Nxc4
11. Rf1 Qe7
0-1

[Event "2010 Under 1500 Championship"]
[Site "SchemingMind.com"]
[Date "2010.07.08"]
[Round "-"]
[White "maro"]
[Black "Lomcovaks"]
[Result "1-0"]
[WhiteCountry "MEX"]
[BlackCountry "ENG"]
[WhiteElo "1289"]
[WhiteRD "56"]
[BlackElo "1328"]
[BlackRD "80"]
[GameID "253691"]

1. d4 d5 2. c4 Nf6 3. c5 Bf5 4. Nc3 Nc6 5. e3 e5 6. Bd3 Qd7 7. dxe5 Nxe5 8. Bb5 Nc6 9. Nf3 Bxc5 10. O-O O-O
11. Ne5
1-0

[Event "2010 Under 1500 Championship"]
[Site "SchemingMind.com"]
[Date "2010.07.21"]
[Round "-"]
[White "ashtonkroz"]
[Black "ichabod801"]
[Result "0-1"]
[WhiteCountry "ENG"]
[BlackCountry "USA"]
[WhiteElo "1362"]
[WhiteRD "108"]
[BlackElo "1735"]
[BlackRD "104"]
[GameID "254978"]

1. e4 e6 2. Nf3 d5 3. exd5 exd5 4. d4 Nc6 5. Bb5 Ne7 6. h3 h6 7. Nc3 Be6 8. Ne5 Qd6 9. Bf4 Bd7 10. Qd2 Qe6
11. O-O O-O-O 12. Rfe1 Qf6 13. Bxc6 Bxc6 14. a4 a6 15. b3 Nf5 16. Nxc6 Qxc6 17. Re5 Bb4 18. Qd3 Nxd4 19. Bd2 Bxc3 20. Bxc3 Ne6
21. Rd1 d4 22. Bb4 Rhe8 23. Bd2 Qd6 24. Re4 Nc5 25. Bf4 Qb6 26. Qc4 Nxe4 27. a5 Qc5 28. Qxf7 Re7 29. Qg6 Qxc2 30. Rf1 Qxb3
31. Re1 Qe6 32. Qh5 Qf6 33. Qg4+ Qe6 34. Qd1 Qf6 35. Bg3 Nxg3 36. fxg3 Rxe1+ 37. Qxe1 d3 38. Qd2 Qe5 39. g4 Qe2 40. Qxe2 dxe2
41. Kf2 Re8 42. Ke1 c5
0-1

[Event "2010 Under 1500 Championship"]
[Site "SchemingMind.com"]
[Date "2010.07.21"]
[Round "-"]
[White "ichabod801"]
[Black "ashtonkroz"]
[Result "1-0"]
[WhiteCountry "USA"]
[BlackCountry "ENG"]
[WhiteElo "1735"]
[WhiteRD "104"]
[BlackElo "1362"]
[BlackRD "108"]
[GameID "254980"]

1. c4 e5 2. Nc3 d6 3. Nf3 c6 4. d4 exd4 5. Qxd4 h6 6. g3 c5 7. Qe4+ Be7 8. Be3 Nf6 9. Qd3 O-O 10. Bg2 Bd7
11. O-O Bc6 12. Rad1 Na6 13. a3 b6 14. Bf4 Ne8 15. Ne4 Bxe4 16. Qxe4 Nf6 17. Qd3 Ne8 18. Nh4 Rb8 19. Nf5 Nac7 20. Bxd6 Nxd6
21. Nxd6 Bxd6 22. Qxd6 Qxd6 23. Rxd6 a5 24. a4 Ne6 25. e3 Rfd8 26. Rfd1 g6 27. Bh3 Rxd6 28. Rxd6 Ng5 29. Bg2 Kg7 30. f4 Ne6
31. Kf2 h5 32. Bh3 Kf6 33. Bxe6 fxe6 34. Kf3 Ke7 35. Rd3 Rf8 36. Ke4 Rf5 37. h3 h4 38. g4 Rf7 39. Ke5 Rf8 40. Rd6 Rf6
41. Rxb6 Kd7 42. Ra6 g5 43. Kxf6
1-0

[Event "2010 Under 1500 Championship"]
[Site "SchemingMind.com"]
[Date "2010.07.31"]
[Round "-"]
[White "Hexsaw"]
[Black "Bricriu"]
[Result "0-1"]
[WhiteCountry "ENG"]
[BlackCountry "IRL"]
[WhiteElo "1291"]
[WhiteRD "98"]
[BlackElo "1770"]
[BlackRD "82"]
[GameID "256066"]

1. d4 g6 2. Nf3 Bg7 3. e4 d6 4. Nc3 a6 5. d5 c5 6. b3 Bxc3+ 7. Bd2 Bxa1 8. Qxa1 Nf6 9. e5 dxe5 10. Bc4 b5
11. Qxe5 bxc4 12. bxc4 Bf5 13. c3 Bd3 14. Be3 Qd6 15. Qxd6 exd6 16. Bf4 Ke7 17. Nd2 Nbd7 18. f3 Nb6 19. Kf2 Nxc4 20. Nxc4 Bxc4
21. Re1+ Kd7 22. Bh6 Rhe8 23. Re3 Rxe3 24. Kxe3 Nxd5+ 25. Kd2 Re8 26. g4 Re2+
0-1

[Event "2010 Under 1500 Championship"]
[Site "SchemingMind.com"]
[Date "2010.08.01"]
[Round "-"]
[White "Bricriu"]
[Black "Hexsaw"]
[Result "1-0"]
[WhiteCountry "IRL"]
[BlackCountry "ENG"]
[WhiteElo "1770"]
[WhiteRD "82"]
[BlackElo "1291"]
[BlackRD "98"]
[GameID "256071"]

1. Nf3 d6 2. d4 Nf6 3. Nc3 Nbd7 4. e4 e5 5. g3 Be7 6. Bg2 O-O 7. O-O b6 8. dxe5 dxe5 9. Bg5 Bb7 10. Re1 c5
11. Qe2 Qc7 12. Rad1 Rfe8 13. Nd2 h6 14. Bxf6 Nxf6 15. Nc4 Red8 16. Rxd8+ Qxd8 17. Rd1 Qc7 18. Nd5 Bxd5 19. exd5 Bd6 20. Nxe5 Bxe5
21. d6 Bxd6 22. Bxa8 Qd8 23. Bg2 a5 24. Qd2 Qe7 25. Qxd6 Qxd6 26. Rxd6 c4 27. Rxf6 gxf6 28. Bc6 Kg7 29. c3 f5 30. f4 h5
31. Bb5 Kf6 32. Bxc4 Ke7 33. Kf2
1-0

[Event "2010 Under 1500 Championship"]
[Site "SchemingMind.com"]
[Date "2010.09.22"]
[Round "-"]
[White "Manfred Kraut"]
[Black "Bricriu"]
[Result "1/2-1/2"]
[WhiteCountry "GER"]
[BlackCountry "IRL"]
[WhiteElo "1336"]
[WhiteRD "86"]
[BlackElo "1791"]
[BlackRD "79"]
[GameID "261099"]

1. d4 c5 2. d5 e5 3. e3 Nf6 4. c4 d6 5. Nc3 Be7 6. Bd3 Nbd7 7. e4 O-O 8. Nge2 Ne8 9. O-O g6 10. Ng3 Ng7
11. Bh6 Bg5 12. Bxg5 f6 13. Bh6 Rf7 14. f4 exf4 15. Rxf4 Ne5 16. Rf1 a6 17. a3 Rb8 18. b4 b6 19. b5 a5 20. a4 Rbb7
21. Ra2 Bg4 22. Qd2 Rbc7 23. Be2 Bc8 24. Nd1 Rce7 25. Ne3=
1/2-1/2